000 00987cam a2200277 a 4500
001 3805814
003 OSt
005 20231028083014.0
008 850820s1986 enka b 001 0 eng
010 _a 85021270
020 _a0521778301
040 _cDDC
082 0 0 _a547.2 CAR 2004.
100 1 _aCarruthers, William; Coldham,Laim;.
_93655
245 1 0 _aSome Modern Methods of Organic Synthesis
250 _a4th ed.
260 _aCambridge;
_bCambridge University Press,
_c2004..
300 _axii, 492p. :
_bill. ;
_c24 cm.
440 0 _aCambridge texts in chemistry and biochemistry
_93656
504 _aBibliography, and index are included.
650 0 _aOrganic chemistry
_9814
856 4 1 _3Sample text
_uhttp://www.loc.gov/catdir/samples/cam031/85021270.html
856 4 2 _3Publisher description
_uhttp://www.loc.gov/catdir/description/cam023/85021270.html
856 4 1 _3Table of contents
_uhttp://www.loc.gov/catdir/toc/cam028/85021270.html
942 _2ddc
_cO_SHELF
999 _c5390
_d5390